God and man in the Qurʹan : semantics of the Qurʹanic weltanschauung (Record no. 62356)
[ view plain ]
| 000 -LEADER | |
|---|---|
| fixed length control field | 00711nam a22001937a 4500 |
| 003 - CONTROL NUMBER IDENTIFIER | |
| control field | NUST-PNEC |
| 005 - DATE AND TIME OF LATEST TRANSACTION | |
| control field | 20170116180745.0 |
| 008 - FIXED-LENGTH DATA ELEMENTS--GENERAL INFORMATION | |
| fixed length control field | 150128b xxu||||| |||| 00| 0 eng d |
| 020 ## - INTERNATIONAL STANDARD BOOK NUMBER | |
| International Standard Book Number | 9839154389 |
| 040 ## - CATALOGING SOURCE | |
| Transcribing agency | PNEC |
| 082 ## - DEWEY DECIMAL CLASSIFICATION NUMBER | |
| Edition number | 297.1227 IZU |
| 100 ## - MAIN ENTRY--PERSONAL NAME | |
| 9 (RLIN) | 1263 |
| Personal name | Izutsu, Toshihiko |
| 245 ## - TITLE STATEMENT | |
| Title | God and man in the Qurʹan : semantics of the Qurʹanic weltanschauung |
| Statement of responsibility, etc. | Izutsu, Toshihiko |
| 260 ## - PUBLICATION, DISTRIBUTION, ETC. | |
| Place of publication, distribution, etc. | Kuala Lumpur : |
| Name of publisher, distributor, etc. | Islamic Book Trust, |
| Date of publication, distribution, etc. | c2002. |
| 300 ## - PHYSICAL DESCRIPTION | |
| Extent | vix, 292 p. : |
| Other physical details | ill. ; |
| Dimensions | 23 cm. |
| 650 ## - SUBJECT ADDED ENTRY--TOPICAL TERM | |
| General subdivision | General |
| -- | Islam |
| 856 ## - ELECTRONIC LOCATION AND ACCESS | |
| Uniform Resource Identifier | <a href="http://www.amazon.com/God-Man-Quran-Toshihiko-Izutsu/dp/9839154389/ref=sr_1_1?s=books&ie=UTF8&qid=1422436543&sr=1-1&keywords=GOD+and+MAN+in+the+QURAN">http://www.amazon.com/God-Man-Quran-Toshihiko-Izutsu/dp/9839154389/ref=sr_1_1?s=books&ie=UTF8&qid=1422436543&sr=1-1&keywords=GOD+and+MAN+in+the+QURAN</a> |
| 942 ## - ADDED ENTRY ELEMENTS (KOHA) | |
| Source of classification or shelving scheme | |
| Koha item type | Book |
| Withdrawn status | Lost status | Source of classification or shelving scheme | Damaged status | Not for loan | Permanent Location | Current Location | Shelving location | Date acquired | Source of acquisition | Cost, normal purchase price | Total Checkouts | Full call number | Barcode | Date last seen | Cost, replacement price | Price effective from | Koha item type |
|---|---|---|---|---|---|---|---|---|---|---|---|---|---|---|---|---|---|
| Pakistan Navy Engineering College (PNEC) | Pakistan Navy Engineering College (PNEC) | 06/15/2003 | NUST Recurring A/c | 595.00 | 297.1227 IZU | PNECLIB-026032 | 01/28/2015 | 595.00 | 06/15/2003 | Book | |||||||
| Pakistan Navy Engineering College (PNEC) | Pakistan Navy Engineering College (PNEC) | 06/18/2005 | Library Grant | 595.00 | 297.1227 IZU | PNECLIB-026916 | 01/28/2015 | 595.00 | 06/18/2005 | Book |
